[Event "BCF-chT4 2223 (4NCL)"]
[Site "England"]
[Date "2022.11.05"]
[Round "1.53"]
[White "Sanfey, Gregor"]
[Black "Calcina, Julio"]
[Result "0-1"]
[WhiteElo "1767"]
[BlackElo "1554"]
[PlyCount "94"]
[EventDate "2022.11.05"]
[EventType "team-swiss"]
[EventRounds "11"]
[EventCountry "ENG"]
[SourceTitle "EXT 2024"]
[Source "ChessBase"]
[SourceDate "2023.10.10"]
[SourceVersion "1"]
[SourceVersionDate "2023.10.10"]
[SourceQuality "1"]
[WhiteTeam "Barnet Knights III"]
[BlackTeam "Average Wood Pushers II"]
[WhiteTeamCountry "ENG"]
[BlackTeamCountry "ENG"]

1. Nf3 Nf6 2. g3 d5 3. Bg2 Bf5 4. d4 e6 5. 0-0 Be7 6. c4 c6 7. Qb3 Qc8 8. Nc3 Nbd7 9. Bf4 0-0 10. Rac1 h6 11. cxd5 exd5 12. Ne5 Nb6 13. a4 Nfd7 14. Nxd5 Nxd5 15. Bxd5 Nxe5 16. Bxe5 Qd7 17. Bg2 Be6 18. d5 Bxd5 19. Bxd5 cxd5 20. Rc7 Qe6 21. Qxb7 Rfb8 22. Rxe7 Rxb7 23. Rxe6 fxe6 24. Rc1 Rd8 25. e3 Rdd7 26. a5 Rb5 27. Rc8+ Kf7 28. Bc3 Kg6 29. b4 Rbb7 30. Rc6 Rbc7 31. Rxc7 Rxc7 32. Bd4 a6 33. g4 h5 34. gxh5+ Kxh5 35. Kg2 g5 36. Kg3 Kg6 37. f4 Kf5 38. fxg5 Kxg5 39. h4+ Kf5 40. Bc5 e5 41. Kf3 Rh7 42. Kg3 Rg7+ 43. Kf3 Rg4 44. Be7 d4 45. exd4 exd4 46. h5 d3 47. Ke3 Re4+ 0-1

[Event "BCF-chT4S 1819 (4NCL)"]
[Site "England"]
[Date "2019.02.09"]
[Round "5.136"]
[White "Sanfey, Gregor"]
[Black "Ryan, John MT"]
[Result "0-1"]
[WhiteElo "1585"]
[BlackElo "1419"]
[PlyCount "168"]
[EventDate "2018.11.17"]
[EventType "team-swiss"]
[EventRounds "11"]
[EventCountry "ENG"]
[SourceTitle "EXT 2021"]
[Source "ChessBase"]
[SourceDate "2020.10.23"]
[SourceVersion "1"]
[SourceVersionDate "2020.10.23"]
[SourceQuality "1"]
[WhiteTeam "Barnet Knights II"]
[BlackTeam "Iceni III"]
[WhiteTeamCountry "ENG"]
[BlackTeamCountry "ENG"]

1. e4 c5 2. Nf3 Nc6 3. Bb5 d6 4. 0-0 Bd7 5. b3 a6 6. Bxc6 Bxc6 7. Re1 Nf6 8. d3 e5 9. Bb2 Be7 10. Nbd2 0-0 11. a3 b5 12. b4 cxb4 13. axb4 Bb7 14. Nb3 Bc8 15. Nfd2 Bg4 16. f3 Qb6+ 17. d4 Be6 18. Kh1 Rfd8 19. Qe2 Rac8 20. Rec1 Bxb3 21. Nxb3 Rc4 22. dxe5 dxe5 23. c3 Qe6 24. Ra3 Rc7 25. Rca1 Rcd7 26. h3 Nh5 27. Qc2 Ra8 28. Bc1 Rc7 29. Be3 Bxb4 30. Nc5 Bxc5 31. Bxc5 Rxc5 32. Qf2 Rcc8 33. Qa2 Qc6 34. Rxa6 Rxa6 35. Qxa6 Qxa6 36. Rxa6 h6 37. Ra5 Rb8 38. Kg1 Nf4 39. Kf2 f6 40. h4 Rc8 41. Rxb5 Rxc3 42. Rb8+ Kh7 43. g3 Rc2+ 44. Kf1 Nh3 45. Rb3 Rf2+ 46. Ke1 Rg2 47. g4 Rg1+ 48. Ke2 Nf4+ 49. Kf2 Rh1 50. h5 Nxh5 51. gxh5 Rxh5 52. Rb7 Rg5 53. Ke3 h5 54. Rd7 Rg2 55. Rd5 Kg6 56. f4 Rg3+ 57. Kf2 exf4 58. Rf5 Rg4 59. Kf3 Rh4 60. Kg2 Rg4+ 61. Kf3 Rg5 62. Rxf4 Re5 63. Kg3 f5 64. exf5+ Rxf5 65. Rb4 Kg5 66. Rb7 g6 67. Rb4 Rd5 68. Rb3 h4+ 69. Kh3 Kh5 70. Rb8 Rd3+ 71. Kg2 g5 72. Rh8+ Kg4 73. Kf2 Kh3 74. Ke2 Rg3 75. Rg8 g4 76. Kf1 Rf3+ 77. Ke2 Kg3 78. Rh8 Rf2+ 79. Ke1 Rf3 80. Ke2 h3 81. Ke1 Kg2 82. Rh4 g3 83. Ke2 Rf2+ 84. Ke3 h2 0-1

[Event "BCF-chT4S 1819 (4NCL)"]
[Site "England"]
[Date "2018.11.17"]
[Round "1.85"]
[White "Sanfey, Gregor"]
[Black "Adaway, William"]
[Result "0-1"]
[WhiteElo "1585"]
[BlackElo "1863"]
[PlyCount "76"]
[EventDate "2018.11.17"]
[EventType "team-swiss"]
[EventRounds "11"]
[EventCountry "ENG"]
[SourceTitle "EXT 2021"]
[Source "ChessBase"]
[SourceDate "2020.10.23"]
[SourceVersion "1"]
[SourceVersionDate "2020.10.23"]
[SourceQuality "1"]
[WhiteTeam "Barnet Knights II"]
[BlackTeam "Wessex II"]
[WhiteTeamCountry "ENG"]
[BlackTeamCountry "ENG"]

1. e4 e5 2. Nf3 d6 3. d4 exd4 4. Nxd4 Nf6 5. Nc3 Be7 6. h3 0-0 7. Be3 c6 8. Qd2 Re8 9. Bd3 Bf8 10. 0-0 Nbd7 11. f3 Nc5 12. Qf2 Nxd3 13. cxd3 d5 14. Nb3 b6 15. Bg5 Be7 16. Rac1 h6 17. Bh4 g5 18. Bg3 c5 19. Nb5 Nh5 20. Bh2 Nf4 21. Bxf4 gxf4 22. Nc3 Bb7 23. Ne2 Bh4 24. g3 fxg3 25. Nxg3 Kh7 26. Kh2 Rg8 27. Rg1 Qd7 28. Qf1 Bxg3+ 29. Rxg3 Rxg3 30. Kxg3 Rg8+ 31. Kh2 Qd6+ 32. Kh1 Qf4 33. Rc2 Rg3 34. Rf2 Bc8 35. Qc1 Rxh3+ 36. Kg1 Qh4 37. Qd2 Rh1+ 38. Kg2 Qh3# 0-1